书目信息 |
| 题名: |
经济学原理(第6版)学习指南
|
|
| 作者: | 哈克斯 , 哈克斯 著 ;梁小民 , 陈宇峰 译 | |
| 分册: | ||
| 出版信息: | 北京 北京大学出版社 2012 |
|
| 页数: | 538页 | |
| 开本: | 26cm | |
| 丛书名: | ||
| 单 册: | ||
| 中图分类: | F0 | |
| 科图分类: | ||
| 主题词: | 经济学--高等学校--教学参考资料 | |
| 电子资源: | ||
| ISBN: | 978-7-301-20647-8 | |
| 000 | 01175nam0 2200277 450 | |
| 001 | 139704 | |
| 005 | 20140913101514.17 | |
| 010 | @a978-7-301-20647-8@dCNY 58.00 | |
| 100 | @a20121022d2012 em y0chiy50 ea | |
| 101 | 1 | @achi@ceng |
| 102 | @aCN@b110000 | |
| 105 | @ay z 000yy | |
| 200 | 1 | @a经济学原理(第6版)学习指南@Ajing ji xue yuan li(di 6 ban)xue xi zhi nan@b专著@dStudy guide for principles of economics@f(美)哈克斯(David R. Hakes)著@F(mei)ha ke si(David R.Hakes)zhu@g梁小民,陈宇峰译@zeng |
| 210 | @a北京@c北京大学出版社@d2012 | |
| 215 | @a538页@d26cm | |
| 305 | @a由圣智学习出版公司授权出版 | |
| 330 | @a本书是与曼昆所著《经济学原理》(第6版)配套的学习辅导书。每个章节都与《经济学原理》的内容一一对应,每章分为本章概述、问题与简答题、自我测试题、进阶思考题和答案等。 | |
| 510 | 1 | @aStudy guide for principles of economics@zeng |
| 606 | 0 | @a经济学@x高等学校@j教学参考资料 |
| 690 | @aF0@v5 | |
| 701 | 0 | @c(美)@a哈克斯@Aha ke si@c(Hakes, David R.)@4著 |
| 701 | 0 | @a哈克斯@Aha ke si@bDavidR.Hakes@4著 |
| 702 | 0 | @a梁小民@Aliang xiao min@f(1943 )@4译 |
| 702 | 0 | @a陈宇峰@Achen yu feng@4译 |
| 801 | 0 | @aCN@bZL@c20140913 |
| 905 | @a241430@dF0@eH022 | |
| 经济学原理(第6版)学习指南=Study guide for principles of economics/(美)哈克斯(David R. Hakes)著/梁小民,陈宇峰译.-北京:北京大学出版社,2012 |
| 538页;26cm |
| ISBN 978-7-301-20647-8:CNY 58.00 |
| 本书是与曼昆所著《经济学原理》(第6版)配套的学习辅导书。每个章节都与《经济学原理》的内容一一对应,每章分为本章概述、问题与简答题、自我测试题、进阶思考题和答案等。 |
| ● |
| 相关链接 |
|
|
|
正题名:经济学原理(第6版)学习指南
索取号:F0/H022
 
预约/预借
| 序号 | 登录号 | 条形码 | 馆藏地/架位号 | 状态 | 备注 |
| 1 | 0831818 | 208318186 | 社科库409/ [索取号:F0/H022] | 在馆 | |
| 2 | 0831819 | 208318195 | 社科二线422/422社科库 16排1列6层/ [索取号:F0/H022] | 在馆 | |
| 3 | 0831820 | 208318202 | 社科库409/409社科库 61排1列5层/ [索取号:F0/H022] | 在馆 |